Études administratives / (Record no. 167733)
[ view plain ]
| 000 -LEADER | |
|---|---|
| campo de control de longitud fija | 00914nam a22001935i 4500 |
| 001 - NÚMERO DE CONTROL | |
| campo de control | 167733 |
| 003 - IDENTIFICADOR DE NÚMERO DE CONTROL | |
| campo de control | ES-MaACL |
| 005 - FECHA Y HORA DE LA ÚLTIMA TRANSACCIÓN | |
| campo de control | 20250929063249.0 |
| 008 - DATOS DE LONGITUD FIJA--INFORMACIÓN GENERAL | |
| campo de control de longitud fija | 980708s1852 fr |||| | fre d |
| 040 ## - FUENTE DE CATALOGACIÓN | |
| Centro catalogador/agencia de origen | CYL |
| Lengua de catalogación | spa |
| Centro/agencia transcriptor | CYL |
| 100 1# - ENTRADA PRINCIPAL--NOMBRE DE PERSONA | |
| Nombre de persona | Vivien, Alexandre François Auguste, |
| Fechas asociadas al nombre | 1799-1854 |
| 9 (RLIN) | 133807 |
| 245 10 - MENCIÓN DEL TÍTULO | |
| Título | Études administratives / |
| Mención de responsabilidad, etc. | par M. Vivien. |
| 250 ## - MENCION DE EDICION | |
| Mención de edición | Deuxième édition entièrement refondue, et considérablement augmentée. |
| 260 ## - PUBLICACIÓN, DISTRIBUCIÓN, ETC. | |
| Lugar de publicación, distribución, etc. | Paris : |
| Nombre del editor, distribuidor, etc. | Guillaumin et Cie., Libraires-Editeurs, |
| Fecha de publicación, distribución, etc. | 1852 ( |
| Lugar de fabricación/manufactura | A Saint Germain en Laye : |
| Fabricante | Imprimerie de Beau) |
| 300 ## - DESCRIPCIÓN FÍSICA | |
| Extensión | 2 vol. (XV-356, 428 p.) ; |
| Dimensiones | 18 cm. |
| 505 8# - NOTA DE CONTENIDO CON FORMATO | |
| Nota de contenido con formato | Contiene: Tome premier, Première partie : Organisation et principes généraux de l'administration. -- Tome second, Deuxième partie : Branches spéciales de l'administration |
| 852 ## - LOCALIZACIÓN | |
| Ubicación | ES-MaACL |
| Número de control de estantería | D-3046-47 |
| Nota libre | -- Enc. hol. |
| condición física | -- Son los T. I y II |
| Estatus retirado | Estado de pérdida | Estado de daño | No para préstamo | Colección | Biblioteca de origen | Biblioteca actual | Ubicación en estantería | Fecha de adquisición | Total de préstamos | Signatura topográfica completa | Código de barras | Visto por última vez | Precio de reemplazo | Tipo de ítem Koha |
|---|---|---|---|---|---|---|---|---|---|---|---|---|---|---|
| Libros del s. XIX | Biblioteca del Ateneo de Madrid | Biblioteca del Ateneo de Madrid | Sala Valle Inclán | 17/01/2008 | D-3046-47 | 901175968 | 23/02/2023 | 23/02/2023 | Libro impreso antiguo |
